Perso smite - Statistiques

Statistiques générales
  • Ce quiz a été pris 147 fois
    75 depuis la dernière actualisation
  • Le résultat moyen est 80 sur 130
Statistiques - réponses
Hint Réponse % Correct
T Thor
96%
Z Zeus
96%
A Apollon
92%
L Loki
92%
O Odin
92%
P Poseidon
92%
A Artemis
88%
Y Ymir
88%
A Achille
83%
A Aphrodite
83%
A Ares
83%
R Ra
83%
A Anubis
79%
H Hades
79%
A Ah muzen cab
75%
C Chronos
75%
F Fenrir
75%
G Ganesh
75%
H Hercule
75%
J Janus
75%
M Morrigan
75%
P Pele
75%
T Thanatos
75%
T Tyr
75%
A Anhour
71%
C Cabrakan
71%
D Da ji
71%
F Fafnir
71%
H Hera
71%
I Isis
71%
R Roi arthur
71%
S Scylla
71%
S Sobek
71%
A Ah puch
67%
A Amaterasu
67%
B Bacchus
67%
B Bastet
67%
C Chang e
67%
F Fee morgane
67%
H Hachiman
67%
K Kukulkan
67%
N Neith
67%
O Osiris
67%
R Rama
67%
S Seth
67%
S Susano
67%
U Ullr
67%
V Vamana
67%
V Vulcain
67%
Y Yemoja
67%
A Athena
63%
B Baron samedi
63%
C Cerbere
63%
C Chiron
63%
C Cupidon
63%
F Freya
63%
G Geb
63%
G Gilgamesh
63%
H Hel
63%
H Horus
63%
J Jormungandr
63%
K Kali
63%
K Khepri
63%
M Mercure
63%
M Merlin
63%
R Ravana
63%
S Sol
63%
T Thot
63%
Z Zhong kui
63%
A Agni
58%
A Ao kuang
58%
A Artio
58%
A Awilix
58%
B Bellone
58%
C Charon
58%
C Charybde
58%
D Discordia
58%
G Guan yu
58%
H Hun batz
58%
I Izanami
58%
M Meduse
58%
N Nox
58%
O Olorun
58%
S Sylvanus
58%
A Arachne
54%
B Baba yaga
54%
B Bakasura
54%
C Cernunnos
54%
C Cthulhu
54%
C Cu chulainn
54%
H He bo
54%
J Jing wei
54%
L Lancelot
54%
N Ne zha
54%
R Raijin
54%
R Ratatoskr
54%
S Sun wukong
54%
T Terra
54%
T Tsukuyomi
54%
X Xbalanque
54%
A Atlas
50%
C Chaac
50%
E Erlang shen
50%
H Hou yi
50%
K Kumbhakarna
50%
M Maui
50%
M Mulan
50%
N Nemesis
50%
N Nu wa
50%
S Skadi
50%
T Tiamat
50%
B Bake kujira
46%
D Danzaburou
46%
K Kuzenbo
46%
P Persephone
46%
S Serqet
46%
X Xing tian
46%
C Cliodhna
42%
S Shiva
42%
S Surtr
42%
T Tchernobog
42%
C Camazotz
38%
H Heimdallr
38%
I Ishtar
38%
I Ix chel
38%
M Maman brigitte
38%
M Martichoras
38%
Y Yu huang
38%
N Nike
29%
N Nout
21%
Aucun quiz correspondant
Distribution des résultats
% des personnes avec chaque résultat
Percentile par nombre de réponses
Votre historique - résultats
Vous n’avez pas pris ce quiz depuis la dernière actualisation